BUGS Bunny's [ cupid capers
| Format: | Book |
|---|---|
| Published: |
United Kingdom :
Warner Home Video ,
1992
|
| Subjects: |
MARC
| LEADER | 00000cam a2200000 7i4500 | ||
|---|---|---|---|
| 001 | 0000000124 | ||
| 002 | 000000140 | ||
| 005 | 20000330.0 | ||
| 020 | |a 000000140 | ||
| 090 | 0 | 0 | |a JF |b BUG |
| 245 | 0 | 0 | |a BUGS Bunny's [ |h videorecording] : |b cupid capers |
| 260 | |a United Kingdom : |b Warner Home Video , |c 1992 | ||
| 300 | |a 1 videocassette VHS (40:00 min) : |b Col.(PAL) | ||
| 650 | 0 | 0 | |a Humourous fiction |x cartoons and caricatures |
| 999 | |a PV0221 |b VIDEO |c JUNIOR REFERENCE |e PERPUSTAKAAN KOMUNITI PETALING JAYA | ||